Middle East by Picture - Statistics

General Stats
  • This quiz has been taken 125 times
  • The average score is 12 of 18
Answer Stats
Picture Hint Answer % Correct
language Arabic
93%
religion Islam
90%
religious figure Jesus Christ
90%
country Lebanon
90%
empire {Ottoman} Empire
85%
skyscraper Burj Khalifa
82%
body of water Dead Sea
79%
city Jerusalem
77%
country Turkey
77%
ethnic group Kurdish
76%
dictator Saddam Hussein
75%
ancient city Babylon
67%
dish Falafel
54%
paper substitute Papyrus
53%
fruit Date
48%
british officer T.E Lawrence
44%
island Socotra
30%
fictional character Ali Baba
26%
No matching quizzes found
Score Distribution
Percent of People with Each Score
Percentile by Number Answered
Your Score History
You have not taken this quiz